000 00571nam a22001575i 4500
001 53949
003 ES-MaACL
007 t|
008 960710s1891 it ||||1| ita d
040 _aCAM
_bspa
_cCAM
100 1 _aFerrai, L. A.
_950228
245 1 0 _aLorenzino de'Medici e la societá cortigiana del cinquecento
_b: con la rime e le lettere di Lorenzino e un'appendice di documenti /
_cL.A. Ferrai.
260 _aMilano :
_bUlrico Hoepli, editor-libraio della Real Casa,
_c1891 (
_fTip. Lombardi)
300 _aXVI, 485, [1] p. ;
_c20 cm.
852 _aES-MaACL
_jG-1862
999 _c53949
_d53949